000
00218nam a22000857a 4500
008
170218b xxu||||| |||| 00| 0 eng d
100
_9
2907
_a
Gandhi.P
245
_a
Business Studies XI,XII
260
_a
New Delhi
_b
Dhanpat
_c
2012
999
_c
6142
_d
6142